BIBLIOTECA PODER JUDICIAL
Portal Judicial TDF

El interés público : (Registro nro. 6)

000 -LEADER
fixed length control field 01429nam a22002297a 4500
003 - CONTROL NUMBER IDENTIFIER
control field OSt
005 - DATE AND TIME OF LATEST TRANSACTION
control field 20191029062704.0
008 - FIXED-LENGTH DATA ELEMENTS--GENERAL INFORMATION
fixed length control field 180221b xxu||||| |||| 00| 0 spa d
020 ## - INTERNATIONAL STANDARD BOOK NUMBER
International Standard Book Number 9501404388
040 ## - CATALOGING SOURCE
Transcribing agency PJ
100 ## - ASIENTO PRINCIPAL - NOMBRE DE PERSONA
Personal name Escola, Héctor Jorge
9 (RLIN) 104
245 10 - MENCIÓN DE TÍTULO
Título propiamente dicho El interés público :
Parte restante del título como fundamento del derecho administrativo /
Mención de responsabilidad, etc Héctor Jorge Escola.
260 ## - PUBLICATION, DISTRIBUTION, ETC. (IMPRINT)
Place of publication, distribution, etc Buenos Aires :
Name of publisher, distributor, etc Depalma,
Date of publication, distribution, etc 1989.
300 ## - DESCRIPCION FISICA
Extent xi, 264 p.
Dimensions 23 cm.
505 ## - FORMATTED CONTENTS NOTE
Formatted contents note Contenido:<br/>El derecho administrativo y el interés público -- La administración pública y el interés público -- La administración pública, el derecho y el interés publico - La organización administrativa y el interés público -- La función pública y el interés público -- Los servicios públicos y el interés publico -- El acto administrativo y el interés público -- Los contratos administrativos y el interés público -- La actividad de fomento y coacción y el interés público -- El dominio público, las limitaciones propiedad privada y el interés público -- La responsabilidad del Estado, el afianzamiento del principio de legalidad y el interés público -- El interés público y su contenido.
650 ## - ASIENTO SECUNDARIO DE MATERIA - TERMINO TEMATICO
Topical term or geographic name as entry element DERECHO ADMINISTRATIVO
9 (RLIN) 211
650 #0 - ASIENTO SECUNDARIO DE MATERIA - TERMINO TEMATICO
Topical term or geographic name as entry element INTERÉS PÚBLICO
9 (RLIN) 3038
650 #0 - ASIENTO SECUNDARIO DE MATERIA - TERMINO TEMATICO
Topical term or geographic name as entry element ADMINISTRACION PUBLICA
9 (RLIN) 877
650 #0 - ASIENTO SECUNDARIO DE MATERIA - TERMINO TEMATICO
Topical term or geographic name as entry element SERVICIO PÚBLICO
9 (RLIN) 1432
650 #0 - ASIENTO SECUNDARIO DE MATERIA - TERMINO TEMATICO
Topical term or geographic name as entry element RESPONSABILIDAD DEL ESTADO
9 (RLIN) 1215
942 ## - ADDED ENTRY ELEMENTS (KOHA)
Source of classification or shelving scheme
Koha item type Libros
Classification part 342.9
Item part ESC
Existencias
Withdrawn status Lost status Source of classification or shelving scheme Damaged status Not for loan Permanent Location Current Location Date acquired Full call number Barcode Date last seen Price effective from Koha item type
          Biblioteca Poder Judicial Sur Biblioteca Poder Judicial Sur 2018-02-21 342.9 ESC 1577 2018-02-21 2018-02-21 Libros

12 de Octubre 789 Ushuaia - Tel:  54(02901)441571
Horario de Atención: 8.00 a 17.00 hs. 
bibliotecaush@justierradelfuego.gov.ar
koha@justierradelfuego.gov.ar
Seguinos en nuestras redes @bibliojustdf 

Con tecnología Koha